000 00977cam a2200361 4500
001 data
005 20260322212103.0
008 data
035 _a4577500
906 _a7
_bcbc
_corignew
_d3
_encip
_f19
_gy-gencatlg
010 _a 74501302
015 _aB70-30079
020 _a0433191007
020 _a9780433191001
035 _9(DLC) 74501302
040 _aDLC
_cDLC
_dDLC
050 1 0 _aRA425
_b.L47
060 _aWA 4 L494y 1970
082 0 0 _a613
100 1 _aLeff, Sonya.
245 1 0 _aYou-your health-your community.
260 _aLondon,
_bHeinemann Medical,
_c1970.
300 _aviii, 127 p.
_billus.
_c22 cm.
336 _atext
_btxt
_2rdacontent
337 _aunmediated
_bn
_2rdamedia
338 _avolume
_bnc
_2rdacarrier
504 _aIncludes bibliographies.
650 0 _aHealth.
650 0 _aPublic health.
650 2 _aHealth.
650 2 _aPublic Health.
999 _c1508
_d1508